01186nam a2200241 a 450000100100000000500170001000800410002704000250006808200090009310000390010224500770014126000380021830000210025659000260027765000700030365000290037365000310040291000370043395201230047095201580059395201760075199900170092700003923920250624095821.0130617s1966 dr 000 0 spa d aDO-SdBNPbspacBNPHU bZ18m1 aZaglul, Antonio,d1920-199696965710aMis 500 locos :bmemoria del director de un manicomio /cAntonio Zaglul. aSanto Domingo :bMontalvo,c1966. a162 p. ;c23 cm. aInventariado, 2018/LP 4aPsiquiatríaxCasos, historias clínicas, estadísticas926969 4aEnfermos mentales918248 4aTrastornos mentales918252 aValidado. Control de calidad MFF 001154708DSaGRbGRcMId2013-11-19iLF1l0o Z18mp39239-30r2020-06-25te.3w2020-06-25yLFDSZPréstamo en sala 0010718PDaPDbPDcHDd2013-06-17iLF1l0o Z18mp39239-10r2020-06-25w2020-06-25yLFPDzPerteneció a la biblioteca de Martínez BoogZNo se presta 0010718PDaPDbPDcHDd2013-11-19iLF1l0o Z18mp39239-20r2020-06-25te.2w2020-06-25yLFPDzPerteneció a la biblioteca personal de German Emilio OrnesZNo se presta c38729d38729